000 01143nac a22004570a 4500
001 PT54339
003 AR-LpoUNG
005 20210201005528.0
008 201001s1994||||sp |||||||||||||||||spa d
020 _a8475836666
_c$28
040 _aAR-LpoUNG
_bspa
_eaacr
041 _aspa
044 _asp
082 0 _aR909 794ame-v1
100 1 _aCoe
_eMichael
245 1 0 _aAmérica antigua :
_bcivilizaciones precolombinas
250 _a1ra. ed.
260 _aBarcelona :
_bFolio,
_c1994.
300 _a150 p. :
_bil., mapas, gráfs., fot.
_3Impreso
490 0 _aAtlas culturales del mundo
650 4 _aAMERICA DEL NORTE
650 4 _aANALISIS HISTORICO
650 4 _aARTE
650 4 _aASPECTOS GEOGRAFICOS
650 4 _aATLAS
650 4 _aCIVILIZACION
650 4 _aCULTURA
650 4 _aESCRITURA
650 4 _aFACTORES CULTURALES
650 4 _aHISTORIA
650 4 _aMATERIAL DE REFERENCIA
650 4 _aRELIGION
651 4 _aMundial
653 _aAZTECAS
653 _aMAYAS
653 _aMESOAMERICA
700 1 _aBenson
_eElizabeth
700 1 _aSnow
_eDean
905 _a54339
942 _cLSALA
999 _c50076
_d50076